000 00567nam a2200205Ia 4500
005 20241216011420.0
008 190429s9999||||xx |||||||||||||| ||und||
082 _a153.93
_bV66
100 _aVILLANES PALACIOS JOSE MARIA
245 0 _aTESTS Y MEDICIONES MENTALES
250 _a0
260 _aCERRO DE PASCO-PERU
_bUNDAC
_c1972
300 _a121 pag.
_c28 cm.
341 _h0
490 _v0
_a0
505 _aINTELIGENCIA-MEDICION/TEST-ESTADISTICA
541 _aD
_bFAC. DE ED. Y CC. HH.
_d08-Jun-95
_oSoles
650 _aEducación Secundaria
942 _cTESIS
999 _c41263
_d41263